[Event "LIB-ch 42nd"]
[Site "Beirut"]
[Date "2016.12.04"]
[Round "10"]
[White "Khairallah, Faisal"]
[Black "Farhat, Mohamed"]
[Result "1-0"]
[WhiteElo "2251"]
[BlackElo "1792"]
[PlyCount "63"]
[EventDate "2016.11.23"]
[EventType "tourn"]
[EventRounds "11"]
[EventCountry "LBN"]
[SourceTitle "CBM 175 Extra"]
[Source "ChessBase"]
[SourceDate "2016.12.12"]
[SourceVersion "1"]
[SourceVersionDate "2016.12.12"]
[SourceQuality "1"]

1. e4 c5 2. Nf3 Nc6 3. d4 cxd4 4. Nxd4 e5 5. Nb5 d6 6. N1c3 a6 7. Na3 Be6 8. Nc4 Be7 9. Be3 Bxc4 10. Bxc4 Nf6 11. 0-0 0-0 12. f3 b5 13. Bb3 Qc7 14. a4 b4 15. Nd5 Nxd5 16. Bxd5 a5 17. Qd3 Rac8 18. Rfc1 Nd4 19. c3 bxc3 20. bxc3 Ne6 21. Rab1 Nc5 22. Qc4 Rb8 23. Rb5 Qa7 24. Rcb1 Rxb5 25. Rxb5 Rb8 26. Bxf7+ Kh8 27. Bd5 h6 28. g3 Bf8 29. Kg2 Rb6 30. Rxb6 Qxb6 31. Qb5 Qd8 32. Bd2 1-0

[Event "LIB-chT"]
[Site "Beirut"]
[Date "2016.07.31"]
[Round "9.2"]
[White "Muhssen, Fared Saleh"]
[Black "Farhat, Mohamed"]
[Result "1-0"]
[WhiteElo "1931"]
[BlackElo "1836"]
[PlyCount "129"]
[EventDate "2016.07.22"]
[EventType "team-tourn"]
[EventRounds "9"]
[EventCountry "LBN"]
[SourceTitle "EXT 2017"]
[Source "ChessBase"]
[SourceDate "2016.10.25"]
[SourceVersion "1"]
[SourceVersionDate "2016.10.25"]
[SourceQuality "1"]
[WhiteTeam "Soviet Alumni"]
[BlackTeam "Tanmiya"]
[WhiteTeamCountry "LBN"]
[BlackTeamCountry "LBN"]

1. d4 d5 2. Nf3 Nf6 3. Bf4 e6 4. e3 Be7 5. Bd3 Nbd7 6. h3 0-0 7. Nbd2 c5 8. 0-0 b6 9. c3 Bb7 10. Ne5 Nxe5 11. dxe5 Ne4 12. Nf3 f6 13. Qc2 f5 14. Bxe4 fxe4 15. Nd2 Ba6 16. c4 dxc4 17. Nxe4 c3 18. Rfd1 cxb2 19. Qxb2 Bd3 20. Nd6 Bg6 21. Qb3 Bxd6 22. Qxe6+ Bf7 23. Qxd6 Qc8 24. Bg5 h6 25. Be7 Re8 26. Qd7 Be6 27. Qxc8 Raxc8 28. Bd6 c4 29. f3 c3 30. Kf2 Rc4 31. Rdc1 b5 32. Rab1 a6 33. Rc2 Rec8 34. a3 Kf7 35. Ke2 h5 36. g4 Kg6 37. Bb4 hxg4 38. hxg4 R4c6 39. Rbc1 Bc4+ 40. Kf2 Bb3 41. Rxc3 Bc4 42. Rd1 R6c7 43. Rd6+ Kf7 44. Rxa6 Re8 45. e4 g5 46. Rc1 Rcc8 47. Rh1 Rh8 48. Rf6+ Kg7 49. Rd1 Rcd8 50. Rdd6 Rh2+ 51. Kg3 Rxd6 52. Rxd6 Rh1 53. Bd2 Rg1+ 54. Kf2 Rf1+ 55. Kg2 Ra1 56. Bxg5 Rxa3 57. e6 b4 58. e7 Bb5 59. Rd8 Kf7 60. Rf8+ Kg6 61. Bh4 b3 62. e8Q+ Bxe8 63. Rxe8 b2 64. Rb8 Ra2 65. Kg3 1-0

[Event "LIB-ch sf"]
[Site "Beirut"]
[Date "2015.04.27"]
[Round "4"]
[White "Kassis, Antoine"]
[Black "Farhat, Mohamed"]
[Result "1-0"]
[WhiteElo "2185"]
[BlackElo "1841"]
[PlyCount "43"]
[EventDate "2015.04.25"]
[EventType "swiss"]
[EventRounds "7"]
[EventCountry "LBN"]
[SourceTitle "CBM 166 Extra"]
[Source "ChessBase"]
[SourceDate "2015.06.18"]
[SourceVersion "1"]
[SourceVersionDate "2015.06.18"]
[SourceQuality "1"]

1. e4 g6 2. d4 Bg7 3. f4 d6 4. Nf3 Nd7 5. Nc3 e6 6. Bd3 Ne7 7. 0-0 c5 8. Be3 b6 9. Nb5 Nb8 10. dxc5 dxc5 11. Nd6+ Qxd6 12. Bb5+ Qd7 13. Bxd7+ Nxd7 14. c3 0-0 15. Qa4 Nf6 16. Rfe1 Bd7 17. Qc2 Bc6 18. Bf2 Nd7 19. Rad1 Rfe8 20. Bh4 Rad8 21. Rd6 Bf6 22. Rxd7 1-0